书目信息 |
| 题名: |
高等数学同步辅导
|
|
| 作者: | 张天德 , 窦慧 主编 | |
| 分册: | 下 | |
| 出版信息: | 济南 山东科学技术出版社 2010.02 |
|
| 页数: | 386页 | |
| 开本: | 24cm | |
| 丛书名: | ||
| 单 册: | ||
| 中图分类: | O13 | |
| 科图分类: | ||
| 主题词: | 高等数学--gao deng shu xue--高等学校--教学参考资料 | |
| 电子资源: | ||
| ISBN: | 978-7-5331-5591-9 | |
| 000 | 00941nam0 2200253 450 | |
| 001 | 29560 | |
| 005 | 20221105180553.93 | |
| 010 | @a978-7-5331-5591-9@dCNY33.00@z7-5331-5591-2 | |
| 100 | @a20100926d2010 em y0chiy50 ea | |
| 101 | 0 | @achi |
| 102 | @aCN@b370000 | |
| 105 | @aak z 000yy | |
| 200 | 1 | @a高等数学同步辅导@Agao deng shu xue tong bu fu dao@h下@f主编张天德, 窦慧 |
| 205 | @a第7版 | |
| 210 | @a济南@c山东科学技术出版社@d2010.02 | |
| 215 | @a386页@c图@d24cm | |
| 300 | @a配同济·第7版 | |
| 330 | @a本书章节的划分和内容设置与同济大学《高等数学》 (第六版) 完全一致。每节内容由三部分组成: 主要内容归纳、经典例题解析及解题方法总结、教材习题解答。每章最后还有总习题解答及自测题与参考答案。 | |
| 606 | 0 | @a高等数学@Agao deng shu xue@x高等学校@j教学参考资料 |
| 690 | @aO13@v4 | |
| 701 | 0 | @a张天德@Azhang tian de@4主编 |
| 701 | 0 | @a窦慧@Adou hui@4主编 |
| 801 | 0 | @aCN@c20220910 |
| 905 | @a河南城建学院图书馆@dO13@eZ1806=7:2@f3 | |
| 高等数学同步辅导.下/主编张天德, 窦慧.-第7版.-济南:山东科学技术出版社,2010.02 |
| 386页:图;24cm |
| 配同济·第7版 |
| ISBN 978-7-5331-5591-9:CNY33.00 |
| 本书章节的划分和内容设置与同济大学《高等数学》 (第六版) 完全一致。每节内容由三部分组成: 主要内容归纳、经典例题解析及解题方法总结、教材习题解答。每章最后还有总习题解答及自测题与参考答案。 |
| ● |
| 相关链接 |
|
|
|
正题名:高等数学同步辅导
索取号:O13/Z1806=7:2
 
预约/预借
| 序号 | 登录号 | 条形码 | 馆藏地/架位号 | 状态 | 备注 |
| 1 | 1583302 | 215833025 | 自科库401/401自科库 107排9列6层/ [索取号:O13/Z1806=7:2] | 在馆 | |
| 2 | 1583303 | 215833034 | 自科库401/401自科库 107排9列6层/ [索取号:O13/Z1806=7:2] | 在馆 | |
| 3 | 1583304 | 215833043 | 自科库401/401自科库 107排9列6层/ [索取号:O13/Z1806=7:2] | 在馆 |